| 000 | 01118nac a22003131i 4500 | ||
|---|---|---|---|
| 003 | EG-ScBUE | ||
| 005 | 20250526093505.0 | ||
| 008 | 250415s2004 e a f b 001 0 eng d | ||
| 020 | _a0521533538 (pbk.) | ||
| 020 | _a9780521533539 | ||
| 040 |
_aEG-ScBUE _beng _erda _cEG-ScBUE _dEG-ScBUE |
||
| 082 | 0 | 4 |
_a530.1552433 _bWAV _222 |
| 245 | 0 | 0 |
_aWavelets in physics / _cedited by J. C. Van den Berg, Wageningen University and Research Center, Wageningen, the Netherlands. |
| 250 | _aFirst paperback edition. | ||
| 264 | 1 |
_aCambridge : _bCambridge University Press, _c2004. |
|
| 300 |
_axxiv, 453 pages : _billustrations ; _c25 cm |
||
| 336 |
_2rdacontent _atext _btxt |
||
| 337 |
_aunmediated _2rdamedia _bn |
||
| 338 |
_avolume _bnc _2rdacarrier |
||
| 500 | _aIncludes Appendices. | ||
| 504 | _aIncludes bibliographical references and index. | ||
| 650 | 7 |
_aWavelets (Mathematics). _2BUEsh |
|
| 650 | 7 |
_aMathematical physics. _2BUEsh |
|
| 650 | 7 |
_aFourier transformations. _2BUEsh |
|
| 650 | 7 |
_aTime measurements. _2BUEsh |
|
| 655 | _vReading book | ||
| 700 | 1 |
_aBerg, J. C. Van Den, _eeditor. |
|
| 942 |
_cBB _2ddc |
||
| 999 |
_c5341 _d5341 |
||